Score 0/10 Timer 01:00
0 Plays Today
Clue 4-Letter Word % Correct
No longer living🎂 DEAD 🎂
94.3%
Show appreciation at an eventCLAP
93.4%
Let something fall from one's grasp🎂 DROP 🎂
93.2%
Farm's outputCROP
92.1%
Mild expletiveCRAP
90.2%
What you would do with McCarthy's bookREAD
89.6%
Happy; or a trash bag companyGLAD
88%
Wearing or covered up withCLAD
82.3%
Spur into actionGOAD
70.2%
Cormac McCarthy's post-apocalyptic novel 'The ___'ROAD
69.5%

Today's Daily Dose

Word Ladder
AC/DC Albums

Quick Pick
Martial Arts

Get the Picture
Monarchy or Presidency

Remove Ads.
Support Sporcle.
Get the best of Sporcle when you Go Orange. This ad-free experience offers more features, more stats, and more fun while also helping to support Sporcle. Thank you for becoming a member.

You're not logged in!

Compare scores with friends on all Sporcle quizzes.
OR
Log In

Show Comments

Extras

Top Quizzes Today


Score Distribution

Your Account Isn't Verified!

In order to create a playlist on Sporcle, you need to verify the email address you used during registration. Go to your Sporcle Settings to finish the process.

Report this User

Report this user for behavior that violates our Community Guidelines.

Details: